Mathematical analysis of groundwater resources (Record no. 50642)

MARC details
000 -LEADER
fixed length control field 00608nam a2200169 a 4500
008 - FIXED-LENGTH DATA ELEMENTS--GENERAL INFORMATION
fixed length control field 120416s1983 ||||||||||||||||| || u
020 ## - INTERNATIONAL STANDARD BOOK NUMBER
International Standard Book Number 0408013990
050 ## - LIBRARY OF CONGRESS CALL NUMBER
Classification number GB 1197.7 Hun
100 ## - MAIN ENTRY--PERSONAL NAME
Personal name Hunt, Bruce
245 10 - TITLE STATEMENT
Title Mathematical analysis of groundwater resources
260 ## - PUBLICATION, DISTRIBUTION, ETC.
Place of publication, distribution, etc. London
Name of publisher, distributor, etc. Butterworths
Date of publication, distribution, etc. 1983
300 ## - PHYSICAL DESCRIPTION
Extent vi, 271p. : ill.
350 ## - PRICE (NR) (BK AM CF MU VM SE) [OBSOLETE]
Price 0.00
500 ## - GENERAL NOTE
General note Bibliography.
650 ## - SUBJECT ADDED ENTRY--TOPICAL TERM
Topical term or geographic name entry element GROUNDWATER FLOW--MATHEMATICS
995 ## - RECOMMENDATION 995 [LOCAL, UNIMARC FRANCE]
-- 0.00
-- CBU-MAIN LIBRARY (Kitwe)
-- 1
-- 29.50
-- 1
-- AVAILABLE
-- Feb 22, 2007
-- Main Library Open Access Collection
Holdings
Withdrawn status Lost status Source of classification or shelving scheme Damaged status Not for loan Home library Current library Shelving location Date acquired Total Checkouts Full call number Barcode Date last seen Price effective from Koha item type
          CBU-MAIN LIBRARY, KITWE. CBU-MAIN LIBRARY, KITWE.   11/30/2022   GB 1197.7 Hun 002217 11/30/2022 11/30/2022 MONOGRAPH